<?xml version="1.0" encoding="UTF-8"?>
<marc:record xmlns:marc="http://www.loc.gov/MARC21/slim">
   <marc:leader>00000nam a2200000 a 4500</marc:leader>
   <marc:datafield ind1="1" ind2=" " tag="100">
      <marc:subfield code="a">Cretton, Destin Daniel</marc:subfield>
      <marc:subfield code="4">drt</marc:subfield>
      <marc:subfield code="e">Regisseur/-in</marc:subfield>
   </marc:datafield>
   <marc:datafield ind1="0" ind2="0" tag="245">
      <marc:subfield code="a">Shang-Chi und Legend von Ten Rings</marc:subfield>
   </marc:datafield>
   <marc:datafield ind1=" " ind2="1" tag="264">
      <marc:subfield code="b">Walt Disney</marc:subfield>
      <marc:subfield code="c">2021</marc:subfield>
   </marc:datafield>
   <marc:datafield ind1="1" ind2=" " tag="520">
      <marc:subfield code="a">Shang-Chi erweitert als neuer Superheld das Marvel Cinematic Universe und wird mit einer Vergangenheit konfrontiert, die er hinter sich gelassen zu haben glaubte. Der neue Superheld ist gezwungen, sich seinem Vater stellen, dem Anführer der gefährlichen Organisation „Zehn Ringe“. In weiteren Rollen zu sehen sind Awkwafina als Shang-Chis Freundin Katy, Meng’er Zhang, Fala Chen und Florian Munteanu. Außerdem Michelle Yeoh als Ying Nan und Tony Leung als Xu Wenwu. Der Regisseur von „Shang-Chi and the Legend of the Ten Rings“ ist Destin Daniel Cretton, produziert wurde der Film von Kevin Feige und Jonathan Schwartz mit Louis D’Esposito, Victoria Alonso and Charles Newirth als ausführenden Produzenten. Das Drehbuch schrieben Dave Callaham, Destin Daniel Cretton und Andrew Lanham, basierend auf der Screen Story von Dave Callaham und Destin Daniel Cretton.&#xD;
&#xD;
VideoMarkt&#xD;
Shang-Chi ist es gelungen, seine Vergangenheit als Sohn eines Verbrecherkönigs hinter sich zu lassen und in San Francisco ein unbelastetes Leben zu führen. Dann wird er in die Machenschaften der Organisation Zehn Ringe verwickelt, für die Shang-Chi eine Schlüsselperson in einem perfiden Plan ist. Nun bleibt ihm nichts anderes übrig, als sich seiner Vergangenheit und seine Familie zu stellen. Und zu zeigen, was wirklich in ihm steckt.</marc:subfield>
   </marc:datafield>
   <marc:datafield ind1="1" ind2=" " tag="521">
      <marc:subfield code="a">FSK ab 12 freigegeben</marc:subfield>
   </marc:datafield>
   <marc:datafield ind1="1" ind2=" " tag="521">
      <marc:subfield code="a">12</marc:subfield>
   </marc:datafield>
   <marc:datafield ind1=" " ind2=" " tag="338">
      <marc:subfield code="a">Videodisk</marc:subfield>
   </marc:datafield>
   <marc:datafield ind1=" " ind2=" " tag="300">
      <marc:subfield code="a">1 DVD</marc:subfield>
   </marc:datafield>
</marc:record>
